Formuła 1 - składy zespołów 1997 - Statystyki

Ogólne statystyki
  • Ten quiz został rozwiązany 15 razy
  • Średni wynik to 14 z 29
Statystyki odpowiedzi
Zespół Kraj Zawodnik Rundy % Poprawnych
Ferrari Niemcy Michael Schumacher
100%
Jordan Niemcy Ralf Schumacher
100%
W.Brytania David Coulthard
92%
McLaren Finlandia Mika Hakkinen
92%
W.Brytania Eddie Irvine
85%
Williams Kanada Jacques Villeneuve
85%
Niemcy Heinz-Harald Frentzen
77%
Austria Gerhard Berger 1-6, 10-17
69%
Holandia Jos Verstappen
69%
Prost Francja Olivier Panis 1-7, 15-17
69%
Stewart Brazylia Rubens Barrichello
62%
Włochy Giancarlo Fisichella
54%
Włochy Jarno Trulli 8-14
54%
Włochy Jarno Trulli 1-7
54%
Benetton Francja Jean Alesi
54%
Austria Alexander Wurz 7-9
46%
Dania Jan Magnussen
46%
Sauber W.Brytania Johnny Herbert
46%
Arrows W.Brytania Damon Hill
38%
Tyrrell Finlandia Mika Salo
38%
Brazylia Pedro Diniz
23%
Japonia Shinji Nakano
15%
Minardi Japonia Ukyo Katayama
15%
Włochy Gianni Morbidelli 6-7, 11-16
8%
Włochy Nicola Larini 1-5
8%
Brazylia Ricardo Rosset 1
8%
Lola Włochy Vincenzo Sospiri 1
8%
Argentyna Norberto Fontana 8-10, 17
0%
Brazylia Tarso Marques 8-17
0%
Nie znaleziono quizów pasujących do podanych kryteriów
Rozkład punktacji
Procent ludzi z każdym wynikiem
Percentyl według liczby udzielonych odpowiedzi
Twoja historia wyników
Nie rozwiązałeś tego quizu